=LDR 00000nam 2200000 4500 =001 INLIS000000000059919 =005 20211220015300 =035 ##$$a 0010-1221000146 =007 ta =008 211220###########################0#ind## =082 ##$$a 551.48 =084 ##$$a 551.48 Soe h =245 1#$$a Hidrologi Teknik /$c Ir.CD.Soemarto,B.I.E., Dipl.H. =300 ##$$a xiv,515 halaman : $b Ilustrasi ; $c 21 cm. =650 #4$$a Teknik Hidrologi =264 ##$$a Surabaya :$b Usaha Nasional,$c 1987 =336 ##$$a teks$2 rdacontent =337 ##$$a lain-lain$2 rdamedia =338 ##$$a lain-lain$2 rdacarrier =990 ##$$a 36013601 =990 ##$$a 36013601